Cities on US Route 17 - Statistics

General Stats
  • This quiz has been taken 6 times
  • The average score is 17 of 52
Answers on the Map
Answers color-coded by a green-red scale on the quiz's map according to % correct below.
 
Answer Stats
State County Answer % Correct
South Carolina Charleston Charleston
100%
Virginia Chesapeake
100%
North Carolina Onslow Jacksonville
100%
Florida Duval Jacksonville
100%
South Carolina Horry Myrtle Beach
100%
Florida Orange Orlando
100%
Georgia Chatham Savannah
100%
Virginia Suffolk
100%
Virginia Fredericksburg
75%
North Carolina Craven New Bern
75%
Virginia Newport News
75%
South Carolina Horry North Myrtle Beach
75%
Virginia Portsmouth
75%
Virginia Winchester
75%
Georgia Glynn Brunswick
50%
South Carolina Georgetown Georgetown
50%
Florida Osceola Kissimmee
50%
Florida Charlotte Punta Gorda
50%
Florida Seminole Sanford
50%
North Carolina New Hanover Wilmington
50%
Florida Volusia DeLand
25%
South Carolina Hardeeville
25%
South Carolina Colleton Walterboro
25%
North Carolina Beaufort Washington
25%
Florida Polk Winter Haven
25%
Florida Orange Winter Park
25%
Florida DeSoto Arcadia
0%
Florida Polk Bartow
0%
Florida Hardee Bowling Green
0%
Florida Seminole Casselberry
0%
Florida Putnam Crescent
0%
Georgia McIntosh Darien
0%
Florida Polk Davenport
0%
Florida Volusia DeBary
0%
Florida Polk Eagle Lake
0%
Florida Orange Edgewood
0%
North Carolina Pasquotank Elizabeth City
0%
Florida Polk Fort Meade
0%
Florida Clay Green Cove Springs
0%
Florida Polk Haines City
0%
Georgia Camden Kingsland
0%
Florida Polk Lake Alfred
0%
Florida Seminole Lake Mary
0%
Florida Seminole Longwood
0%
Florida Orange Maitland
0%
Georgia Liberty Midway
0%
Florida Putnam Palatka
0%
Georgia Liberty Riceboro
0%
Georgia Bryan Richmond Hill
0%
Florida Hardee Wauchula
0%
Florida Seminole Winter Springs
0%
Georgia Camden Woodbine
0%
No matching quizzes found
Score Distribution
Percent of People with Each Score
Percentile by Number Answered
Your Score History
You have not taken this quiz